000 00654nam a2200229Ia 4500
003 OSt
005 20220923221002.0
006 a|||||r|||| 00| 0
007 ta
008 220922b |||||||| |||| 00| 0 hin d
024 _a193,349
037 _cTextual
040 _aARTS
_cARTS
_bhin
041 _2hin
_ahin
082 _aV2:25wN05, 152H6
100 _aत्रिपाठी, कमलापति
245 0 _aबंदी की चेतना
246 _aBandī kī chetanā
260 _c1946
942 _hV2:25wN05, 152H6
_cTEXL
_2CC
999 _c345817
_d345817